000 00733cab a2200265 4500
001 WB3232-10
008 090401t1996 xxu||||| |||| 00| 0 eng d
035 _a(Sirsi) u73660
041 _aeng
245 _aLandowners lose out on telecomms sites
260 _c1996
350 _a0
490 _aScotsman
_v27 August 1996, 26(1)
520 _aDiscusses changes in the market for telecommunication sites.
650 _aLAND
650 _aLANOWNERS
650 _aMASTS
650 _aTELECOMMUNICATION SITES
650 _aTELECOMMUNICATIONS MASTS
690 _aPROPERTY-COMMERCIAL PROPERTY
690 _aPROPERTY-COMMERCIAL PROPERTY-COMMERCIAL PROPERTY MARKET
690 _aLAND
942 _n0
948 _c04/03/1997
999 _c46518
_d46518